Statistics for General Knowledge

Click here to take the quiz!

General Stats

  • This quiz has been taken 16 times
  • The average score is 29 of 63

Answer Stats

HintAnswer% Correct
1. What hand does the statue of liberty hold its torch in?Right
100%
2. In what year did Amy Winehouse die?2011
91%
7. How many actors have played James Bond?9
91%
Andrew
91%
Anne
91%
Anne Boleyn
91%
4. Name Queen Elizabeth the Second's four children.Charles
91%
8. What colour is a black box on an aeroplane?Orange
91%
39. How old was the youngest mother in medical history?5
82%
9. What city hosted the first ever modern Olympic Games?Athens
82%
Edward
82%
Doc
73%
6. Other than the six main stars of the TV show f.r.i.e.n.d.s, which character appeared in the most episodes?Gunther
73%
Sleepy
73%
20. What are the names of Henry VIII six wives?Catherine of Aragon
64%
3. What country has the only flag that isn't the traditional rectangular shape?Nepal
64%
Sneezy
64%
34. What was the name of the ball Tom Hanks talks to in Cast Away?Wilson
64%
14. Who is Reginald Dwight better known as?Elton John
55%
Grumpy
55%
Bashful
45%
Catherine Parr
45%
Dodge
45%
19. What are the 5 D's of dodgeball? (according to the film, 'Dodgeball')Dodge
45%
Dopey
45%
Duck
45%
16. In what country was Prince Philip born in?Greece
45%
31. What are the names of the 7 dwarves in Snow White?Happy
45%
Jane Seymour
45%
18. What was the first bridge to be built across the River Thames?London Bridge
45%
32. Who has won the most Olympic medals in history?Michael Phelps
45%
28. What is the most popular wedding cake flavour? (As of March 2021)Red velvet
45%
Tiger
45%
Whale
45%
Anne of Cleves
36%
11. Which Disney princess has the least amount of screen time? (18 minutes)Aurora
36%
Dive
36%
38. What coloured food did Sam-I-Am try to get his friend to eat?Green eggs and ham
36%
42. There are 42 questions in this quiz. According to the Hitchiker's Guide to the Galaxy, what is the number 42 the answer to?Life the universe and everything
36%
21. What is the name of the tower block in which Del Boy and Rodney Trotter lived in Only Fools and Horses?Nelson Mandela House
36%
23. What does the French sandwhich chain 'Pret a Manger' translate to in English?Ready to eat
36%
25. What position does Harry Potter play on his quidditch team?Seeker
36%
17. What word, used by Mary Poppins, sounds simply quite atrocious?Supercalifragilisticexpialidocious
36%
35. What four animals share a name with a type of shark?Bull
27%
Catherine Howard
27%
Dip
27%
30. What is Meghan Markle's first name?Rachel
27%
26. In one for sorrow, two for joy, what does 5 magpies represent?Silver
27%
36. In which English county is Stonehenge located?Wiltshire
27%
13. What is the spicest chilli in the world?Carolina Reaper
18%
41. What comdeian has DVD's titled 'The Award Winning Mince Pie', 'The Cat That Looked Like Nicholas Lyndhurst', and 'The Man With A Flaming Battenburgh Tattoo'?Rhod Gilbert
18%
27. What follows the sailor in the saying, 'tinker, tailor, soldier, sailor'?Rich man
18%
10. What is Scooby Doo's full name?Scoobert Doo
18%
33. What is the name given to a western movie directed by an Italian?Spaghetti Westerns
18%
15. Who first said the quote, "uneasy lies the head that wear the crown"?William Shakespeare
18%
5. What is the name on Jay's fake ID in the Inbetweeners?Brett Clement
9%
12. What grows six inches in the summer?Eiffel Tower
9%
22. What is the name of Laim and Noel Gallagher's older brother?Paul
9%
24. What element is abbreviated to P on the periodic table of elements?Phosphurus
9%
29. What can a monkey supposedly do if sat in front of a typewriter for long enough?Write the entire works of Shakespeare
9%
Zebra
9%
40. What book series has the opening sentence "if you are interested in books with happy endings, you would be better off reading some other book"?A serious of unfortunate events
0%
37. What is the most watched Netflix series of 2020 in the UK?Money Heist
0%

Score Distribution

Percentile by Number Answered

Percent of People with Each Score

Your Score History

You have not taken this quiz